000 00552nam a2200169Ia 4500
003 GCL
008 140319s9999 xx 000 0 ara d
040 _aGCL /
_cGCL
082 0 4 _a812.008
_bش م
100 1 _aشوقى عبدالحكيم
245 1 0 _aملك عجوز ومأسى اخرى (هدية من الاديب عبدالفتاح الجمل) /
_cشوقى عبدالحكيم
300 _a258 ص
490 _aالكتاب الماسى
_v0
650 0 4 _aالادب العربى
650 0 4 _aالمسرحيات العربية
942 _2ddc
_cBK
999 _c46783
_d46783